| 000 | 00674nam a22002417a 4500 | ||
|---|---|---|---|
| 999 |
_c838 _d838 |
||
| 001 | 838 | ||
| 003 | BD-JhCC | ||
| 005 | 20171012093526.0 | ||
| 008 | 171010s2002 bg |||| ||a| 00| 0 ben d | ||
| 020 | _a9848681825 | ||
| 035 | _a(BD-JhCC)838 | ||
| 040 |
_aBD-JhCC _dBD-JhCC |
||
| 041 | _aben | ||
| 082 |
_a891.4409 _bROF 2002 |
||
| 100 | _aরফিক, আহমদ | ||
| 245 |
_aনির্বাচিত প্রবন্ধ / _cআহমদ রফিক |
||
| 260 |
_aঢাকা : _bঅন্য প্রকাশনী, _c2002 |
||
| 300 |
_a256 p.: _c21 cm. |
||
| 650 | _aBengali Literature | ||
| 650 | _aSelective essay | ||
| 942 |
_2ddc _cBK |
||